000 00758nam a2200181 i 4500
001 157453
003 ES-MaACL
005 20251112170750.0
008 040824s1884 fr f |||| | fre d
100 1 _aLefèvre-Pontalis, Antonin.
_9128848
245 1 0 _aJean de Witt, Grand Pensionnaire de Hollande
_b: vingt années de République Parlementaire au dix-septième siècle /
_cpar Antonin Lefèvre-Pontalis ; avec un portrait d'après Netscher.
260 _aParis :
_bE. Plon, Nourrit et C.,
_c1884.
300 _a2 v., [1] h. de lám. ;
_c24 cm.
599 _aLám.: retrato de Jean de Witt: "Netscher pinx., heliogr. Dujardin, Imp. Eudes"
600 0 _aWitt, Johan de,
_d1625-1672
_9222802
852 _aES-MaACL
_jB-4364-65
999 _c157453
_d157453